000 00302nam a2200121Ia 4500
008 190216s9999||||xx |||||||||||||| ||und||
100 _a"Banerjee, Nair R.K & 
 Agarwal"
245 0 _aFinancial Management
260 _bPragathi Prakashan
300 _a385
650 _aCommerce
942 _cBK
999 _c7077
_d7077